| 000 | 00510nam a22001697a 4500 | ||
|---|---|---|---|
| 008 | 230707b |||||||| |||| 00| 0 eng d | ||
| 020 | _a8188466522 | ||
| 040 |
_aNational Science Library _cNational Science Library |
||
| 080 |
_a82-311.6GUP _bQ4 |
||
| 100 | _aGupta Virendra Kumar | ||
| 245 | _aविष्णुगुप्त चाणक्य | ||
| 246 | _aVishnugupta Chanakya | ||
| 260 |
_aDelhi: _bAmarsatya Prakashan, _c2014 |
||
| 300 | _a364p. | ||
| 650 | _aHindi literature | ||
| 942 |
_2udc _cHBK |
||
| 999 |
_c50857 _d50857 |
||